00654 2200205 4500001002100000005001700021008004100038035002500079040001200104082001200116090001900128245007100147250001100218260010300229300003500332500002900367650002200396850001200418990001800430YOGYA-0209000002324320150702141810.0 ind  a0010-020900000023243 aYOPDYOG a633.739 aT 633.739bPed aPEDOMAN pengenalan dan pengendalian hama dan penyakit tanaman kopi aCet. 1 aJakartabDepartemen Pertanian Dirjend. Perkebunan Direktorat Perlindungan Tanaman Perkebunanc1985 avi, 61 hlm. :bilus. ;c21 cm. aBibliografi : hlm. 55-57 aKopi - Hama Gulma aYOPDYOG a19906-PD/A.06